000 00347 a2200121 4500
000 nam a22 7a 4500
005 20260416111603.0
020 _a 9781478032755
100 _aShome, Raka
_91116060
245 _aCleansing the Nation: India, the Hindu Modern, and Mediations of Gender
260 _b Duke University Press
_c2025
942 _cTEXL
999 _c1848279
_d1848279